000 00294nam a22001217a 4500
020 _a0-85312-127-3
082 _a005.13 BRA'I
100 _aWALKER, A.N,BRAILSFORD, D.F
_976262
245 _aINTRODUCTORY ALGOL 68 PROGRAMMING
260 _aNEWYORK
_bELLIS
_c1979
300 _a281P
942 _cBK
999 _c581656
_d581656